Регионална библиотека "Любен Каравелов" - Русе

Книга за Пенчо Славейков (Запис номер 74252)

MARC детайли
000 -Лидер
Контролно поле с фиксирана дължина 02240nam a2200433 c 4500
003 - Код на организацията, давaща контролен номер
Контролно поле BLK
005 - Дата и час на последна редакция
Контролно поле 20240430005250.0
008 - Елементи от данни с фиксирана дължина
fixed length control field 180408b bul|||||r ||||||| ||bul||
010 ## - Наследен системен номер
LC control number KNG00078651000
020 ## - Международен стандартен номер на книга ISBN
Международен стандартен номер на книга ISBN 954-579-525-3
-- издат.: Славена
040 ## - Източник на каталожния запис
Идентификатор на билиотеката - собственик на записа BLK
041 ## - Код за език
Код за езика на текст/звукозапис или на отделно заглавие Български
Код за езика КДБФ Български
080 ## - УДК
Текстов определител УДК Българска литература
УДК код - определител по УДК 821.163.2
УДК определител (092)
УДК - код + определител 821.163.2(092)
080 ## - УДК
Текстов определител УДК Българска литература
УДК код - определител по УДК 821.163.2
УДК определител .09
УДК - код + определител 821.163.2.09
080 ## - УДК
Текстов определител УДК Български поет
УДК код - определител по УДК 929 Славейков, Пенчо Петков
УДК определител
УДК - код + определител 929 Славейков, Пенчо Петков
100 1# - Редна дума - Автор
Автор Игов, Светлозар Атанасов
Дати, свързани с автора 1945-2023
Автор - информация (биография) Филолог, славянска филология (1966). Литературен критик, историк. Поет, белетрист. Преводач от сърбохърватски език
R(LIN) 72055
139 ## - Редно поле
Редна дума Игов, Светлозар Атанасов
Авторски знак Славе - С 42
245 10 - Сведения за заглавието
Заглавие Книга за Пенчо Славейков
Редно поле (дума) Светлозар Атанасов Игов.
257 ## - Страна на издаване
Страна на създаване/издаване България
260 ## - Област на издателските данни
-- Варна
Име на издателя, разпространителя и проч. Славена
Година на издаване 2006
300 ## - Физическа характеристика
Страници 292 с.
Размери/Мащаб 20 см
380 ## - Жанр
Жанр Литературознание
500 ## - Общи забележки
Забележка Офс. изд. - Съдържа и Пенчо Славейков : Животопис ; Българската критика за Пенчо Славейков. - Библиогр. с. 254-262.
504 ## - Забележка за наличие на библиография и др
Забележка за наличие на библиография и под. 254-262
600 #0 - Име на лице, използвано като предмет
За него / За нея Славейков, Пенчо Петков
Свързани дати 1866-1912
Друга информация Поет. Фолклорист. Преводач от немски и руски език.
9 (RLIN) 364367
650 #4 - Допълнително описание по предмет – тема
Основно описание – тема или топоним Поети, български - творчество
9 (RLIN) 250545
650 #4 - Допълнително описание по предмет – тема
Основно описание – тема или топоним Славейков, Пенчо Петков
9 (RLIN) 364367
650 #4 - Допълнително описание по предмет – тема
Основно описание – тема или топоним Българска литература - теми, образи, сюжети
9 (RLIN) 242409
653 ## - Ключова дума – ненормативна
Ключова дума български поети
653 ## - Ключова дума – ненормативна
Ключова дума Пенчо Славейков
653 ## - Ключова дума – ненормативна
Ключова дума литературна критика
653 ## - Ключова дума – ненормативна
Ключова дума биографии
852 ## - Местоположение
Форматна сигнатура Цб 236418
856 4# - Електронен адрес и достъп
Електронен формат pdf - файл
Път до файла /url/
856 4# - Електронен адрес и достъп
Електронен формат pdf - файл
Път до файла /url/
942 ## - АРТИКУЛИ
Вид на библиотечния материал Книги
Скрит в OPAC Не
Koha issues (borrowed), all copies 1
944 ## - СЪЗДАВАНЕ И РЕДАКЦИЯ на ЗАПИСА
Създаване/Редакция Създаване
Дата на регистрацията/редакция 25.10.2007
Служител, извършил регистрацията/редакцията
Статус, дата на статуса CRON CRON
944 ## - СЪЗДАВАНЕ И РЕДАКЦИЯ на ЗАПИСА
Създаване/Редакция Редакция
Дата на регистрацията/редакция 29.03.2008
Служител, извършил регистрацията/редакцията
999 ## - СИСТЕМНИ КОНТРОЛНИ НОМЕРА
Koha biblionumber 74252
Koha biblioitemnumber 74252
Наличности
Код за отписване Код за изгубен артикул Източник на класификационната схема Код за повреда Коз за рестрикции Код за отдаване Артикулен № Име на библиотеката - собственик Име на библиотеката, в която се намира в момента Статус (Текущо местоположение) Дата на вписване в системата Местоположение - отдел Цена в лева Инвентарен номер Систематично азбучна сигнатура Баркод Номер на екземпляра Цена в евро Служебна бележка Служебен тип на артикула
  Не е изгубен Universal Decimal Classification Не е повреден без рестрикции заемане за дома 120829 Регионална библиотека "Любен Каравелов" Русе Регионална библиотека "Любен Каравелов" Русе Заемна - подръчен фонд 2007-10-25 Заемна - подръчен фонд 8.00 120000718911 П 821.163.2.09(092)/С 42 120000718911 1 4.09 Дост: Pk Вид: Ф N: 9800 Дата: 24.10.2007 Дата инв: 07.02.2018 Бележки инв: П2018 Книги
  Не е изгубен   Не е повреден без рестрикции ползва се в читалня 120830 Регионална библиотека "Любен Каравелов" Русе Регионална библиотека "Любен Каравелов" Русе Хранилище 2007-11-23 Хранилище 8.00 120000720300 Цб 236418 120000720300 2 4.09 Дост: Dp Вид: Д N: 34 Дата: 02.08.2007 Книги
Vip Innovations Ltd, Rousse, Bulgaria 2025